Violencia asesina en Venezuela = Murderous violence in Venezuela /

Se ofrece un completo informe sobre la violencia asesina en la Venezuela actual. Después de un rápido repaso sobre lo más destacado de los aspectos cuantitativos del fenómeno, se profundiza en su dimensión cualitativa penetrando en las motivaciones de los sujetos violentos. Descartando interpretacio...

Descrizione completa

Salvato in:
Dettagli Bibliografici
Autore principale: Moreno, Alejandro
Natura: testo
Soggetti:
Tags: Aggiungi Tag
Nessun Tag, puoi essere il primo ad aggiungerne!!

MARC

LEADER 00000 a a2200000 04500
001 42170
003
040
100 |a Moreno, Alejandro  
245 |a Violencia asesina en Venezuela =   |b Murderous violence in Venezuela /  |c Alejandro Moreno  
500 |a cip@cantv.net  
520 |a Se ofrece un completo informe sobre la violencia asesina en la Venezuela actual. Después de un rápido repaso sobre lo más destacado de los aspectos cuantitativos del fenómeno, se profundiza en su dimensión cualitativa penetrando en las motivaciones de los sujetos violentos. Descartando interpretaciones causales y desarrollando los verdaderos orígenes personales y sociales de esa violencia, se ofrece luego vías de posibles intervenciones correctivas y se presenta lo que están haciendo al respecto la Iglesia y diversas instituciones privadas, lo que contrasta con la actuación negativa de un Estado que no se preocupa por la vida de sus ciudadanos.  
590 |a EFU/NOVIEMBRE2011  
650 |a 1.VIOLENCIA  
650 |a 2.DELINCUENCIA  
650 |a 3.ANALISIS SOCIOLOGICO  
650 |a 4.HISTORIAS DE VIDA  
650 |a 5.VENEZUELA  
773 |g volumen20, número1 ( , 2011), páginas 97-130  
999 |c 32116  |d 32116